000 00234nam a2200109Ia 4500
008 230320s9999||||xx |||||||||||||| ||spa||
082 _a193/S75
100 _aSpinoza, Baruch
245 0 _aÉtica
260 _bAguilar
942 _80
_cLIB
999 _c26367
_d26367